| 000 | 01640cas a2200385u 4500 | ||
|---|---|---|---|
| 003 | AUA.1 | ||
| 005 | 20250610094358.0 | ||
| 008 | 250610 eng | ||
| 022 | _a00265314 | ||
| 035 | _a.b22486379 | ||
| 040 | _cAUA | ||
| 050 |
_aBX6102 _b.M56 |
||
| 222 | 7 |
_aMinistry _beJournal Links. |
|
| 245 | 1 | 0 |
_aMinistry: _bInternational journal for Pastors |
| 260 |
_c2024 _aSilver Spring, MD _bSeventh-day Adventist Church |
||
| 300 |
_a30p. _bcol ill.; _c27 cm |
||
| 440 |
_vVol 96 _x00265314 _934577 _aHuman Sexuality _nNo. 10 |
||
| 505 |
_aSexual intimacy: The power of connection _rAlan Parker |
||
| 505 |
_aReturn to the Eden: God's design for human sexuality in the song of songs _rRichard M. Davidson |
||
| 505 |
_aPurity and holiness: A biblical response to sexual immorality _rRamon J. Canals |
||
| 505 |
_aEmbracing human sexuality: Guided by God's word _rTed N. C. Wilson |
||
| 505 |
_aIn the image of God: The powerful and beautiful _rMicheal Goertz |
||
| 505 |
_aEditorial _rPavel Goia |
||
| 505 | _aChurch statement | ||
| 505 |
_aResources _rJustin Spady |
||
| 505 | _aDateline | ||
| 505 |
_aPractical Pointers _rGina Wahlen |
||
| 610 | 2 | 0 |
_aSeventh-day Adventists _xClergy _xPeriodicals. _934578 |
| 650 | 0 |
_aPastoral theology _xSeventh-day Adventists _xPeriodicals. _934579 |
|
| 690 |
_aSeventh-day Adventist publications. _934580 |
||
| 700 |
_aPavel Goia _eEditor _934581 |
||
| 710 | 2 | 0 |
_aGeneral Conference of Seventh-day Adventists. _bMinisterial Association. _934582 |
| 856 |
_uhttp://www.ministrymagazine.org/archive _zMinistry magazine |
||
| 942 |
_2lcc _cEGWEBO _hBX6102 _i.M56 2024 |
||
| 999 |
_c25089 _d25089 |
||